000 00663nam a2200229 i 4500
001 bgj
100 1 _aDEARY, Terry
245 1 0 _aThe Rotten Romans /
_cTerry Deary ; illustrated by Martin Brown.
260 _aLondon :
_bScholastic Children's Books,
_c1994.
300 _a128 pp :
_bill. ;
_c20 cm.
490 1 _aHorrible Histories
650 9 _aRomans
_zEngland
_y55 BC - 410
651 9 _aGreat Britain
_xHistory
_yTo 410
700 1 _aBROWN, Martin.
_eill.
830 _aHorrible Histories
020 _a0590554670 (pbk)
040 _cBPK
041 0 _aeng
920 _a0-590-55467-0 (pbk)
942 _cKS
008 s uk f |000 0 eng
999 _c50869
_d50869